The Latex companion
Uloženo v:
| Hlavní autoři: | , , |
|---|---|
| Médium: | Kniha |
| Jazyk: | angličtina |
| Vydáno: |
Boston
Addison-Wesley
1994
|
| Témata: | |
| Tagy: |
Přidat tag
Žádné tagy, Buďte první, kdo vytvoří štítek k tomuto záznamu!
|
MARC
| LEADER | 00000nam a2200000 a 4500 | ||
|---|---|---|---|
| 001 | UCL2378 | ||
| 003 | CL-VaPUC | ||
| 008 | 031017e19940000US |||||||||||||||||eng|d | ||
| 020 | |a 0201541998 | ||
| 082 | 0 | 4 | |a 686.22544 |b GOO |2 21 |
| 100 | 0 | |a Goossens, Michel |e author |9 479475 | |
| 700 | 0 | |a Mittelbach, Frank |e author |9 479476 | |
| 700 | 0 | |a Samarin, Alexander |e author |9 479477 | |
| 245 | 1 | 4 | |a The Latex companion |
| 300 | |a 528 p | ||
| 942 | |c BK | ||
| 945 | |d 20031017 00:00:00 |a cmena | ||
| 260 | |a Boston |b Addison-Wesley |c 1994 | ||
| 650 | 7 | |a COMPOSICION TIPOGRAFICA |2 CL-VaPUC |9 266378 | |
| 650 | 7 | |a IMPRENTAS |2 CL-VaPUC |9 398394 | |
| 650 | 7 | |a LATEX |2 CL-VaPUC |9 329340 | |
| 650 | 7 | |a FOTOCOMPOSICION |2 CL-VaPUC |9 479478 | |
| 650 | 0 | |a Software |9 387312 | |
| 583 | |a last modification |c 20031017 00:00:00 |k Rodrigo Vera | ||
| 999 | |c 305717 |d 305715 | ||
| 952 | |0 0 |1 0 |4 0 |6 686_225440000000000_GOO_1994 |7 0 |8 A |9 370001 |a BIBING |b BIBING |d 2019-11-21 |i 3911535 |o 686.22544 GOO 1994 |p 3911535 |r 2025-01-20 |w 2019-11-21 |y BK |k EII | ||